[Event "Boeblinger op 32nd"]
[Site "Boeblingen"]
[Date "2015.12.28"]
[Round "4"]
[White "Pezerovic, Edin"]
[Black "Kachar, Vladimir"]
[Result "1-0"]
[WhiteElo "2414"]
[BlackElo "2240"]
[PlyCount "71"]
[EventDate "2015.12.26"]
[EventType "swiss"]
[EventRounds "9"]
[EventCountry "GER"]
[SourceTitle "CBM 170 Extra"]
[Source "ChessBase"]
[SourceDate "2016.02.25"]
[SourceVersion "1"]
[SourceVersionDate "2016.02.25"]
[SourceQuality "1"]

1. d4 Nf6 2. Bf4 e6 3. e3 d5 4. Nd2 Bd6 5. Bg3 c5 6. c3 Nc6 7. Ngf3 0-0 8. Bd3 Qe7 9. Ne5 Qc7 10. f4 cxd4 11. exd4 g6 12. 0-0 Nh5 13. Qe2 f6 14. Nxc6 bxc6 15. Qe3 Bd7 16. c4 Rf7 17. c5 Nxg3 18. hxg3 Bf8 19. Nf3 Bg7 20. Rae1 Re8 21. b4 Rfe7 22. Qf2 Bc8 23. b5 cxb5 24. Bxb5 Rf8 25. Qe3 Qa5 26. Qe2 a6 27. Bd3 Rfe8 28. Qf2 Qc7 29. Kh2 Rf8 30. Qb2 Qa5 31. Qb6 Qxb6 32. cxb6 Bb7 33. Rc1 Rd8 34. a4 a5 35. Rc5 Rd6 36. Rb1 1-0

[Event "Voronezh op-A 19th"]
[Site "Voronezh"]
[Date "2015.06.15"]
[Round "4"]
[White "Ehab, Mohamed"]
[Black "Kachar, Vladimir"]
[Result "0-1"]
[WhiteElo "2002"]
[BlackElo "2236"]
[PlyCount "64"]
[EventDate "2015.06.12"]
[EventType "swiss"]
[EventRounds "9"]
[EventCountry "RUS"]
[SourceTitle "CBM 167 Extra"]
[Source "ChessBase"]
[SourceDate "2015.09.14"]
[SourceVersion "1"]
[SourceVersionDate "2015.09.14"]
[SourceQuality "1"]

1. e4 c5 2. Nf3 e6 3. c3 d5 4. exd5 Qxd5 5. d4 Nf6 6. Na3 Be7 7. Be2 0-0 8. 0-0 Nc6 9. Nb5 Qd8 10. dxc5 Bxc5 11. Qxd8 Rxd8 12. Bg5 a6 13. Bxf6 gxf6 14. Nbd4 Bd7 15. Nb3 Bb6 16. Rfd1 e5 17. Nfd2 Be6 18. Nc4 Ba7 19. Nd6 Rab8 20. Bf3 f5 21. Bxc6 bxc6 22. Na5 Rxb2 23. Nxc6 Bxf2+ 24. Kh1 Rxd6 25. Rxd6 e4 26. Nd4 e3 27. Nxe6 fxe6 28. Rxe6 f4 29. c4 e2 30. c5 Rd2 31. Rxe2 Rxe2 32. Rc1 Bxc5 0-1

[Event "Voronezh op-A 19th"]
[Site "Voronezh"]
[Date "2015.06.14"]
[Round "3"]
[White "Kachar, Vladimir"]
[Black "Chekhov, Sergey"]
[Result "0-1"]
[WhiteElo "2236"]
[BlackElo "2476"]
[PlyCount "78"]
[EventDate "2015.06.12"]
[EventType "swiss"]
[EventRounds "9"]
[EventCountry "RUS"]
[SourceTitle "CBM 167 Extra"]
[Source "ChessBase"]
[SourceDate "2015.09.14"]
[SourceVersion "1"]
[SourceVersionDate "2015.09.14"]
[SourceQuality "1"]

1. c4 Nf6 2. Nc3 c5 3. Nf3 e6 4. g3 b6 5. Bg2 Bb7 6. 0-0 d6 7. d4 cxd4 8. Qxd4 a6 9. b3 Nbd7 10. Bb2 Be7 11. e4 Qc7 12. Qe3 0-0 13. Nd4 Rfe8 14. Rac1 Bf8 15. h3 Rac8 16. Rfe1 Qb8 17. Re2 Ba8 18. Qd2 g6 19. Rd1 h5 20. Ree1 Red8 21. Qe2 Bh6 22. Ba1 Re8 23. Bb2 Red8 24. Ba1 Nc5 25. h4 Bg7 26. Bb2 Re8 27. Qd2 Ng4 28. Ba1 Rcd8 29. Qc2 Qa7 30. Nf3 Qb8 31. Nd4 Rc8 32. Bb2 Red8 33. Qe2 Qa7 34. Qd2 Ne5 35. Qe2 b5 36. cxb5 Ned3 37. Rxd3 Nxd3 38. b6 Qxb6 39. Na4 Qa5 0-1

[Event "Moscow-ch"]
[Site "Moscow"]
[Date "2012.03.17"]
[Round "8"]
[White "Gagarin, Vasilij"]
[Black "Kachar, Vladimir"]
[Result "1-0"]
[WhiteElo "2378"]
[BlackElo "2326"]
[PlyCount "71"]
[EventDate "2012.03.10"]
[EventType "swiss"]
[EventRounds "9"]
[EventCountry "RUS"]
[SourceTitle "CBM 147 Extra"]
[Source "ChessBase"]
[SourceDate "2012.04.24"]
[SourceVersion "1"]
[SourceVersionDate "2012.04.24"]
[SourceQuality "1"]

1. d4 Nf6 2. c4 e6 3. Nc3 Bb4 4. e3 0-0 5. Bd3 d5 6. a3 Bxc3+ 7. bxc3 c5 8. cxd5 exd5 9. Ne2 b6 10. 0-0 Ba6 11. Bxa6 Nxa6 12. f3 Nc7 13. Ng3 Ne6 14. Bb2 Qd7 15. e4 Rac8 16. Qd3 g6 17. Rad1 cxd4 18. cxd4 Nf4 19. Qd2 N6h5 20. Rfe1 Qa4 21. Rc1 Rxc1 22. Rxc1 Qb5 23. Nxh5 Nxh5 24. Rc7 Nf6 25. e5 Ne8 26. Rxa7 Ng7 27. Rc7 Ne6 28. Rc1 Ra8 29. h3 Kg7 30. Kh2 Ra4 31. f4 Qb3 32. f5 gxf5 33. Rc3 Qa2 34. Rg3+ Kf8 35. Qh6+ Ke8 36. Rg8+ 1-0

[Event "Moscow-ch"]
[Site "Moscow"]
[Date "2012.03.14"]
[Round "5"]
[White "Kachar, Vladimir"]
[Black "Tilicheev, Viacheslav"]
[Result "0-1"]
[WhiteElo "2326"]
[BlackElo "2366"]
[PlyCount "66"]
[EventDate "2012.03.10"]
[EventType "swiss"]
[EventRounds "9"]
[EventCountry "RUS"]
[SourceTitle "CBM 147 Extra"]
[Source "ChessBase"]
[SourceDate "2012.04.24"]
[SourceVersion "1"]
[SourceVersionDate "2012.04.24"]
[SourceQuality "1"]

1. d4 Nf6 2. c4 e6 3. Nc3 Bb4 4. Nf3 0-0 5. Bg5 c5 6. Rc1 h6 7. Bxf6 Qxf6 8. a3 cxd4 9. axb4 dxc3 10. bxc3 a5 11. Qa4 d6 12. e3 Bd7 13. Qa3 Nc6 14. b5 Ne5 15. Be2 d5 16. Rd1 Rfc8 17. Nxe5 Qxe5 18. Rd4 Qc7 19. 0-0 e5 20. Rxd5 Be6 21. Rd6 Bxc4 22. b6 Qe7 23. Bxc4 Rxc4 24. Rfd1 Rc6 25. c4 Rxc4 26. Qd3 Rd4 27. Rxd4 exd4 28. Qxd4 a4 29. e4 a3 30. f4 a2 31. e5 Qa3 32. Ra1 Ra4 33. Qd2 Qb3 0-1

[Event "Moscow-ch"]
[Site "Moscow"]
[Date "2012.03.12"]
[Round "3"]
[White "Apryshko, Gleb"]
[Black "Kachar, Vladimir"]
[Result "1/2-1/2"]
[WhiteElo "2327"]
[BlackElo "2326"]
[PlyCount "130"]
[EventDate "2012.03.10"]
[EventType "swiss"]
[EventRounds "9"]
[EventCountry "RUS"]
[SourceTitle "CBM 147 Extra"]
[Source "ChessBase"]
[SourceDate "2012.04.24"]
[SourceVersion "1"]
[SourceVersionDate "2012.04.24"]
[SourceQuality "1"]

1. e4 c5 2. Nf3 e6 3. d3 d5 4. Nbd2 Nf6 5. g3 Nc6 6. Bg2 b6 7. 0-0 Bb7 8. exd5 Nxd5 9. c3 Be7 10. a4 0-0 11. Nc4 Qc7 12. Re1 Rad8 13. Bg5 Bxg5 14. Nxg5 Nf6 15. Qc2 h6 16. Ne4 Nxe4 17. Bxe4 Ne7 18. Qb3 Bd5 19. a5 Rb8 20. axb6 axb6 21. Qb5 Rb7 22. Ra6 Rfb8 23. Rea1 Bc6 24. Qb3 Bd5 25. Qb5 Bc6 26. Bxc6 Nxc6 27. R1a3 Ne7 28. Rb3 Nd5 29. Ra4 Qd7 30. Qxd7 Rxd7 31. Ra5 Rdd8 32. Rab5 Ra8 33. Nxb6 Nxb6 34. Rxb6 Rxd3 35. Rc6 Rd5 36. Rb5 Ra2 37. Rc7 Rf5 38. Kg2 g5 39. h3 Kg7 40. g4 Rf4 41. Rcxc5 Ra1 42. Re5 Kg6 43. Re2 Rd1 44. Rbe5 h5 45. R5e4 hxg4 46. hxg4 Rd2 47. Rxd2 Rxe4 48. f3 Re1 49. c4 Rc1 50. b3 Rc3 51. Rb2 f5 52. Kf2 Kf6 53. b4 Rxc4 54. b5 Rc7 55. b6 Rb7 56. Ke3 Ke5 57. gxf5 exf5 58. Rb5+ Ke6 59. Kd4 g4 60. fxg4 fxg4 61. Kc5 g3 62. Kc6 Rg7 63. b7 Rg8 64. Kc7 g2 65. Rb1 Rg7+ 1/2-1/2

[Event "Moscow-ch"]
[Site "Moscow"]
[Date "2012.03.11"]
[Round "2"]
[White "Kachar, Vladimir"]
[Black "Novikov, Stanislav"]
[Result "0-1"]
[WhiteElo "2326"]
[BlackElo "2552"]
[PlyCount "100"]
[EventDate "2012.03.10"]
[EventType "swiss"]
[EventRounds "9"]
[EventCountry "RUS"]
[SourceTitle "CBM 147 Extra"]
[Source "ChessBase"]
[SourceDate "2012.04.24"]
[SourceVersion "1"]
[SourceVersionDate "2012.04.24"]
[SourceQuality "1"]

1. d4 Nf6 2. c4 g6 3. Nc3 Bg7 4. e4 d6 5. Nf3 0-0 6. Be2 Na6 7. 0-0 e5 8. Re1 c6 9. Bf1 exd4 10. Nxd4 Ng4 11. Nf3 Qb6 12. Qd2 Be6 13. Na4 Qc7 14. Nc3 Ne5 15. Nxe5 dxe5 16. Qc2 f5 17. a3 Qf7 18. b3 f4 19. f3 Nc7 20. Nd1 Qe7 21. Nf2 Bf7 22. Bb2 Ne6 23. b4 Rfd8 24. Rad1 a5 25. c5 axb4 26. axb4 Rxd1 27. Rxd1 Nd4 28. Bxd4 exd4 29. Bc4 Ra3 30. Nd3 Rc3 31. Bxf7+ Qxf7 32. Qe2 Qb3 33. g3 fxg3 34. hxg3 Kf7 35. Kg2 h5 36. Rd2 Ke7 37. e5 Bh6 38. f4 Qd5+ 39. Qf3 Ke6 40. Qxd5+ Kxd5 41. e6 Kxe6 42. Ne5 h4 43. Rxd4 Rxg3+ 44. Kf2 Bxf4 45. Rxf4 Kxe5 46. Rxh4 Rb3 47. Rg4 Kf5 48. Rd4 g5 49. Kg2 g4 50. Kh2 Kg5 0-1

[Event "Moscow op-A"]
[Site "Moscow"]
[Date "2012.02.01"]
[Round "5"]
[White "Kachar, Vladimir"]
[Black "Logachiov, Aleksandr"]
[Result "1-0"]
[WhiteElo "2294"]
[BlackElo "2116"]
[PlyCount "69"]
[EventDate "2012.01.28"]
[EventType "swiss"]
[EventRounds "9"]
[EventCountry "RUS"]
[SourceTitle "CBM 146 Extra"]
[Source "ChessBase"]
[SourceDate "2012.02.29"]
[SourceVersion "1"]
[SourceVersionDate "2012.02.29"]
[SourceQuality "1"]

1. d4 d6 2. e4 Nf6 3. Nc3 e5 4. Nf3 exd4 5. Nxd4 Be7 6. Be2 0-0 7. 0-0 c5 8. Nf3 Nc6 9. h3 Be6 10. Ng5 d5 11. exd5 Bxd5 12. Nxd5 Nxd5 13. Nf3 Bf6 14. c3 Nde7 15. Qc2 Qc7 16. Re1 Ng6 17. Be3 b6 18. Rad1 Rad8 19. Bb5 Nce5 20. Nd2 Qb7 21. Ne4 Bh4 22. Nd6 Qb8 23. Nf5 Qb7 24. Qe2 c4 25. Bxc4 Qe4 26. Nd4 Nxc4 27. Qxc4 Nf4 28. Qf1 Rd6 29. Bc1 Nxh3+ 30. gxh3 Qg6+ 31. Qg2 Qh5 32. Bf4 Rg6 33. Bg3 f5 34. Qd5+ Kh8 35. Nxf5 1-0

[Event "Moscow op-A"]
[Site "Moscow"]
[Date "2012.01.28"]
[Round "1"]
[White "Kachar, Vladimir"]
[Black "Bezgodov, Alexei"]
[Result "0-1"]
[WhiteElo "2294"]
[BlackElo "2500"]
[PlyCount "94"]
[EventDate "2012.01.28"]
[EventType "swiss"]
[EventRounds "9"]
[EventCountry "RUS"]
[SourceTitle "CBM 146 Extra"]
[Source "ChessBase"]
[SourceDate "2012.02.29"]
[SourceVersion "1"]
[SourceVersionDate "2012.02.29"]
[SourceQuality "1"]

1. d4 d5 2. c4 e6 3. Nc3 c5 4. cxd5 exd5 5. Nf3 Nc6 6. g3 Nf6 7. Bg2 Be7 8. 0-0 0-0 9. dxc5 Bxc5 10. Bg5 d4 11. Bxf6 Qxf6 12. Nd5 Qd8 13. Nd2 Re8 14. Rc1 Bf8 15. Nf4 g6 16. Re1 Rb8 17. Nb3 Bh6 18. Rc4 Bxf4 19. gxf4 Be6 20. Bxc6 bxc6 21. Rxd4 Qf6 22. Qd2 Bxb3 23. axb3 Rxb3 24. Rd1 c5 25. Rd8 Rxd8 26. Qxd8+ Qxd8 27. Rxd8+ Kg7 28. Rd2 a5 29. e3 a4 30. Rc2 Rb5 31. Kg2 Kf6 32. Rc4 Rxb2 33. Rxa4 Rb6 34. Rc4 Rc6 35. Kf3 Ke6 36. Ke4 Kd6 37. f5 gxf5+ 38. Kxf5 Kd5 39. Rc2 c4 40. f4 c3 41. h4 Kc4 42. e4 Kd3 43. Rc1 Kd2 44. Rh1 c2 45. e5 c1Q 46. Rxc1 Kxc1 47. h5 Kd2 0-1

[Event "Pardubice Czech op 22nd"]
[Site "Pardubice"]
[Date "2011.07.23"]
[Round "2"]
[White "Maximov, Dmitry"]
[Black "Kachar, Vladimir"]
[Result "1-0"]
[WhiteElo "2479"]
[BlackElo "2328"]
[PlyCount "69"]
[EventDate "2011.07.22"]
[EventType "swiss"]
[EventRounds "9"]
[EventCountry "CZE"]
[SourceTitle "CBM 143 Extra"]
[Source "ChessBase"]
[SourceDate "2011.08.29"]
[SourceVersion "1"]
[SourceVersionDate "2011.08.29"]
[SourceQuality "1"]

1. e4 c5 2. Nf3 e6 3. c3 Nf6 4. e5 Nd5 5. d4 cxd4 6. cxd4 d6 7. a3 Nc6 8. Bd3 Qc7 9. 0-0 Be7 10. Qe2 a6 11. Qe4 f5 12. exf6 Nxf6 13. Qe2 0-0 14. Bf4 Nd5 15. Bg3 Nf4 16. Bxf4 Rxf4 17. d5 Nd8 18. dxe6 Bxe6 19. Nc3 Qd7 20. Rfe1 Bf6 21. Ne4 h6 22. Rad1 Kh8 23. Bb1 Bg8 24. Qe3 Qg4 25. h3 Rxf3 26. hxg4 Rxe3 27. Rxe3 Bxb2 28. Nxd6 Nc6 29. Rde1 Rd8 30. Nxb7 Rd2 31. a4 Bf6 32. R3e2 Rd4 33. Re8 Rd2 34. Bg6 Bd4 35. Rxg8+ 1-0

[Event "Moscow-ch KO"]
[Site "Moscow"]
[Date "2011.05.18"]
[Round "1.2"]
[White "Kachar, Vladimir"]
[Black "Reshetnikov, Alexey"]
[Result "0-1"]
[WhiteElo "2311"]
[BlackElo "2487"]
[PlyCount "92"]
[EventDate "2011.05.18"]
[EventType "k.o."]
[EventRounds "2"]
[EventCountry "RUS"]
[SourceTitle "CBM 142 Extra"]
[Source "ChessBase"]
[SourceDate "2011.06.27"]
[SourceVersion "1"]
[SourceVersionDate "2011.06.27"]
[SourceQuality "1"]

1. d4 Nf6 2. c4 c6 3. Nf3 d5 4. e3 Bg4 5. h3 Bh5 6. Nc3 e6 7. g4 Bg6 8. Ne5 Nbd7 9. Nxg6 hxg6 10. cxd5 exd5 11. Bg2 Bd6 12. Bd2 Qe7 13. Qc2 Nb6 14. 0-0-0 Bb4 15. Kb1 Nc4 16. Bc1 Bxc3 17. Qxc3 0-0-0 18. f3 Nd6 19. Rhe1 Rhe8 20. a4 Kb8 21. b3 Qc7 22. g5 Nh5 23. e4 Nc8 24. e5 Ng3 25. Ba3 Qd7 26. Ka2 Nf5 27. f4 Rh8 28. Bf1 Rh4 29. Bc1 Nb6 30. Be2 Na8 31. Bg4 Nc7 32. Re2 Ne6 33. Rc2 Rc8 34. Qe1 Rhh8 35. Qf2 Qc7 36. Bb2 Qb6 37. Rcd2 Ka8 38. Ba3 Qa5 39. Qf3 Rb8 40. Kb2 b5 41. axb5 Rxb5 42. Bxf5 gxf5 43. Bd6 Rh4 44. Qg3 Rxf4 45. g6 fxg6 46. Qxg6 Rf3 0-1

[Event "Moscow Victory Day op"]
[Site "Moscow"]
[Date "2011.04.30"]
[Round "1"]
[White "Lavrischev, Anatoliy"]
[Black "Kachar, Vladimir"]
[Result "0-1"]
[WhiteElo "1922"]
[BlackElo "2288"]
[PlyCount "78"]
[EventDate "2011.04.30"]
[EventType "swiss"]
[EventRounds "9"]
[EventCountry "RUS"]
[SourceTitle "CBM 142 Extra"]
[Source "ChessBase"]
[SourceDate "2011.06.27"]
[SourceVersion "1"]
[SourceVersionDate "2011.06.27"]
[SourceQuality "1"]

1. c4 e5 2. Nc3 Nc6 3. e3 Nf6 4. Nf3 Bb4 5. Nd5 Bd6 6. a3 e4 7. Nd4 Nxd4 8. exd4 Nxd5 9. cxd5 0-0 10. b4 b6 11. Bb2 Bb7 12. Bc4 Qg5 13. 0-0 Bxd5 14. Bxd5 Qxd5 15. f4 f5 16. Qc2 a5 17. bxa5 Rxa5 18. a4 Rfa8 19. g3 c6 20. Rfc1 Be7 21. Bc3 R5a6 22. Rcb1 Qc4 23. Qb3 Qxb3 24. Rxb3 Kf7 25. Rab1 Bd8 26. Rb4 Rxa4 27. Rxa4 Rxa4 28. Kf2 g6 29. h4 h5 30. d5 cxd5 31. Ke3 Be7 32. Bd4 Bc5 33. Bxc5 bxc5 34. Rb6 Ra3+ 35. Kf2 Rf3+ 36. Kg2 Rd3 37. Rd6 Rxd2+ 38. Kf1 Ke7 39. Rxg6 c4 0-1

[Event "RUS-ch Seniors"]
[Site "Odintsovo"]
[Date "2011.04.19"]
[Round "1"]
[White "Kachar, Vladimir"]
[Black "Kuznetsov, Boris"]
[Result "1-0"]
[WhiteElo "2288"]
[BlackElo "2049"]
[PlyCount "85"]
[EventDate "2011.04.19"]
[EventType "swiss"]
[EventRounds "9"]
[EventCountry "RUS"]
[SourceTitle "CBM 142 Extra"]
[Source "ChessBase"]
[SourceDate "2011.06.27"]
[SourceVersion "1"]
[SourceVersionDate "2011.06.27"]
[SourceQuality "1"]

1. d4 Nf6 2. c4 g6 3. Nf3 Bg7 4. g3 0-0 5. Bg2 c6 6. Nc3 d5 7. Ne5 dxc4 8. Nxc4 Nbd7 9. 0-0 Nb6 10. Ne5 Ng4 11. Nf3 Be6 12. h3 Nf6 13. Qc2 Qc8 14. Ng5 Bd7 15. Kh2 Nh5 16. Rd1 e6 17. Nce4 Qc7 18. Nf3 Nd5 19. Kg1 b6 20. Bd2 Nhf6 21. Nxf6+ Bxf6 22. e4 Ne7 23. Bf4 Qc8 24. Bd6 Re8 25. Rac1 Qa6 26. Ne5 Rad8 27. Bc7 Qb5 28. Bf1 Qa5 29. Qb3 c5 30. Nxd7 Rxd7 31. Rxc5 Qxc5 32. dxc5 Rxc7 33. cxb6 axb6 34. Qxb6 Rc6 35. Qb5 Rec8 36. b4 Rc2 37. Rd7 Rxa2 38. e5 Bxe5 39. Qxe5 Nd5 40. Rb7 Raa8 41. h4 h5 42. Bd3 Ra4 43. Bxg6 1-0

[Event "Moscow-ch sf"]
[Site "Moscow"]
[Date "2011.03.27"]
[Round "9"]
[White "Kachar, Vladimir"]
[Black "Gavrilov, Alexei"]
[Result "1-0"]
[WhiteElo "2288"]
[BlackElo "2486"]
[PlyCount "83"]
[EventDate "2011.03.13"]
[EventType "swiss"]
[EventRounds "9"]
[EventCountry "RUS"]
[SourceTitle "CBM 141 Extra"]
[Source "ChessBase"]
[SourceDate "2011.05.03"]
[SourceVersion "1"]
[SourceVersionDate "2011.05.03"]
[SourceQuality "1"]

1. d4 Nf6 2. c4 e6 3. Nc3 Bb4 4. Nf3 0-0 5. Bg5 h6 6. Bh4 c5 7. e3 cxd4 8. Nxd4 Qa5 9. Qc2 Ne4 10. Rc1 d5 11. cxd5 Qxd5 12. Be7 Bxc3+ 13. bxc3 Re8 14. Ba3 Bd7 15. Qb3 Qa5 16. Be2 Na6 17. Bb4 Qb6 18. Ba3 Qa5 19. Bb4 Nxb4 20. cxb4 Qb6 21. Qb2 a5 22. b5 e5 23. Nf3 Bg4 24. 0-0 Rad8 25. Rfd1 Rxd1+ 26. Rxd1 Qc5 27. Rc1 Qd6 28. h3 Bf5 29. Bc4 Nc5 30. b6 Re7 31. Qa3 Ne4 32. Qxa5 Kh7 33. Bb3 Qf6 34. Rc7 Ng5 35. Nxg5+ Qxg5 36. Qd5 Be6 37. Qxb7 Re8 38. Bxe6 Rxe6 39. Rc6 Re8 40. Qxf7 Rd8 41. Rc1 Rd2 42. Rb1 1-0

[Event "Moscow-ch sf"]
[Site "Moscow"]
[Date "2011.03.20"]
[Round "5"]
[White "Kachar, Vladimir"]
[Black "Ustinov, Alexey"]
[Result "0-1"]
[WhiteElo "2288"]
[BlackElo "2184"]
[PlyCount "56"]
[EventDate "2011.03.13"]
[EventType "swiss"]
[EventRounds "9"]
[EventCountry "RUS"]
[SourceTitle "CBM 141 Extra"]
[Source "ChessBase"]
[SourceDate "2011.05.03"]
[SourceVersion "1"]
[SourceVersionDate "2011.05.03"]
[SourceQuality "1"]

1. d4 d5 2. c4 c6 3. Nf3 e6 4. Nbd2 Nf6 5. e3 Nbd7 6. Bd3 Bd6 7. 0-0 0-0 8. e4 e5 9. cxd5 cxd5 10. exd5 exd4 11. Nc4 Bc5 12. Bg5 h6 13. Bh4 b5 14. Ncd2 Qb6 15. Nb3 Nxd5 16. Rc1 f5 17. Bb1 Bb7 18. Nxc5 Nxc5 19. Nxd4 Nf4 20. Nxf5 Bxg2 21. Qg4 Rxf5 22. Qxf5 Bxf1 23. Kxf1 Qc6 24. Qxf4 Qh1+ 25. Ke2 Re8+ 26. Kd2 Qd5+ 27. Kc3 Ne4+ 28. Bxe4 Rc8+ 0-1